THEORY AND PROBLEMS OF TRIGONOMETRY (Record no. 582730)
[ view plain ]
| 000 -LEADER | |
|---|---|
| fixed length control field | 00260nam a22001097a 4500 |
| 082 ## - DEWEY DECIMAL CLASSIFICATION NUMBER | |
| Classification number | 516.24 AYR |
| 100 ## - MAIN ENTRY--PERSONAL NAME | |
| Personal name | AYRES FRANK |
| 9 (RLIN) | 8744 |
| 245 ## - TITLE STATEMENT | |
| Title | THEORY AND PROBLEMS OF TRIGONOMETRY |
| 260 ## - PUBLICATION, DISTRIBUTION, ETC. | |
| Place of publication, distribution, etc. | NEW YORK |
| Name of publisher, distributor, etc. | MCGRAW HILL |
| Date of publication, distribution, etc. | 1954 |
| 300 ## - PHYSICAL DESCRIPTION | |
| Extent | 207P |
| 942 ## - ADDED ENTRY ELEMENTS (KOHA) | |
| Koha item type | Book |
| Source of classification or shelving scheme | |
| Withdrawn status | Lost status | Damaged status | Not for loan | Permanent Location | Current Location | Shelving location | Date acquired | Total Checkouts | Full call number | Barcode | Date last seen | Price effective from | Koha item type | Source of classification or shelving scheme |
|---|---|---|---|---|---|---|---|---|---|---|---|---|---|---|
| College of Electrical & Mechanical Engineering (CEME) | College of Electrical & Mechanical Engineering (CEME) | General Stacks | 06/07/2017 | 516.24 AYR | CEME-9532 | 06/28/2021 | 06/28/2021 | Book | ||||||
| Damaged | College of Electrical & Mechanical Engineering (CEME) | College of Electrical & Mechanical Engineering (CEME) | General Stacks | 06/07/2017 | 516.24 AYR | CEME-9529 | 06/28/2021 | 06/28/2021 | Book |
